[Event "Titled Tuesday intern op 11th Mar Early"]
[Site "Chess.com INT"]
[Date "2025.03.11"]
[Round "8"]
[White "Lisjak, Zlatko"]
[Black "Jimenez Salas, Maria Teresa"]
[Result "0-1"]
[WhiteElo "2209"]
[BlackElo "2071"]
[PlyCount "44"]
[EventDate "2025.03.11"]
[EventType "swiss (blitz)"]
[EventRounds "11"]
[EventCountry "USA"]
[SourceTitle "CB12_2025"]
[SourceDate "2025.03.19"]
[SourceVersion "1"]
[SourceVersionDate "2025.03.19"]
[SourceQuality "1"]

1. e4 c5 2. b4 cxb4 3. Bb2 d5 4. exd5 Qxd5 5. d4 Nc6 6. c4 bxc3 7. Nxc3 Qxd4 8. Nd5 Qe4+ 9. Ne2 f6 10. f3 Qc4 11. Nef4 Qc5 12. Nc7+ Kf7 13. Qb3+ e6 14. Nxa8 Bd6 15. Rc1 Qa5+ 16. Bc3 Qg5 17. g3 Nge7 18. Bc4 Bxf4 19. gxf4 Qh4+ 20. Ke2 Nf5 21. Qb2 Qxf4 22. Qd2 Ncd4+ 0-1

[Event "Titled Tuesday intern op 11th Mar Early"]
[Site "Chess.com INT"]
[Date "2025.03.11"]
[Round "9"]
[White "Vinolas Anglada, Laura"]
[Black "Lisjak, Zlatko"]
[Result "0-1"]
[WhiteElo "2064"]
[BlackElo "2209"]
[PlyCount "58"]
[EventDate "2025.03.11"]
[EventType "swiss (blitz)"]
[EventRounds "11"]
[EventCountry "USA"]
[SourceTitle "CB12_2025"]
[SourceDate "2025.03.19"]
[SourceVersion "1"]
[SourceVersionDate "2025.03.19"]
[SourceQuality "1"]

1. e4 d5 2. exd5 c6 3. dxc6 Nxc6 4. Nf3 e5 5. Bb5 Bd6 6. 0-0 Nge7 7. Re1 0-0 8. c3 a6 9. Ba4 b5 10. Bc2 Ng6 11. a4 Rb8 12. Na3 Kh8 13. Qe2 b4 14. Nc4 Nf4 15. Qd1 f6 16. d3 Ne6 17. Qe2 b3 18. Bd1 Bc5 19. Ncd2 Bb7 20. Nxb3 Bd6 21. Be3 f5 22. Bc2 Ba8 23. Bc1 Qf6 24. Bg5 Nxg5 25. Nxg5 Qxg5 26. f3 Qh5 27. Nd2 e4 28. dxe4 Qxh2+ 29. Kf1 Bg3 0-1

[Event "Titled Tuesday intern op 11th Mar Early"]
[Site "Chess.com INT"]
[Date "2025.03.11"]
[Round "2"]
[White "Williams, Oscar"]
[Black "Lisjak, Zlatko"]
[Result "1-0"]
[WhiteElo "2066"]
[BlackElo "2209"]
[PlyCount "49"]
[EventDate "2025.03.11"]
[EventType "swiss (blitz)"]
[EventRounds "11"]
[EventCountry "USA"]
[SourceTitle "CB12_2025"]
[SourceDate "2025.03.19"]
[SourceVersion "1"]
[SourceVersionDate "2025.03.19"]
[SourceQuality "1"]

1. e4 d5 2. Nc3 d4 3. Nce2 c5 4. d3 Nc6 5. f4 g6 6. Nf3 Bg7 7. g3 Nf6 8. Bg2 Ng4 9. 0-0 0-0 10. c3 Ne3 11. Bxe3 dxe3 12. e5 Bf5 13. d4 Qd7 14. Qc1 cxd4 15. Nfxd4 Bh3 16. Qxe3 Bxg2 17. Kxg2 Rad8 18. Rad1 Qd5+ 19. Qf3 Qxa2 20. Rd2 Na5 21. Rfd1 Nc4 22. Rc2 Qa6 23. Qd3 b5 24. b3 Nb6 25. Rcd2 1-0

[Event "Titled Tuesday intern op 04th Mar Early"]
[Site "Chess.com INT"]
[Date "2025.03.04"]
[Round "7"]
[White "Lisjak, Zlatko"]
[Black "Argote Heredia, Valentina"]
[Result "0-1"]
[WhiteElo "2209"]
[BlackElo "2071"]
[PlyCount "70"]
[EventDate "2025.03.04"]
[EventType "swiss (blitz)"]
[EventRounds "11"]
[EventCountry "USA"]
[SourceTitle "CB11_2025"]
[SourceDate "2025.03.12"]
[SourceVersion "1"]
[SourceVersionDate "2025.03.12"]
[SourceQuality "1"]

1. d4 Nf6 2. Nf3 c5 3. e3 e6 4. Bd3 Be7 5. c4 Nc6 6. 0-0 Nb4 7. Be2 0-0 8. b3 a5 9. a3 Na6 10. d5 d6 11. Nc3 e5 12. e4 Nc7 13. Nd2 Bd7 14. f4 exf4 15. Rxf4 Bc8 16. Nb5 Nd7 17. Bb2 Bg5 18. Rf1 Ne8 19. Kh1 Bf6 20. Bxf6 Ndxf6 21. Qc2 Bd7 22. Rae1 Qe7 23. Bd3 Bxb5 24. cxb5 Nd7 25. e5 Nxe5 26. Bxh7+ Kh8 27. Nc4 g6 28. Nxe5 dxe5 29. Bxg6 fxg6 30. Qxg6 Ng7 31. d6 Qe6 32. Qg3 Qxd6 33. Qh4+ Kg8 34. h3 Qd4 35. Qg5 e4 0-1

[Event "Titled Tuesday intern op 04th Mar Early"]
[Site "Chess.com INT"]
[Date "2025.03.04"]
[Round "9"]
[White "Lisjak, Zlatko"]
[Black "Le, Anh Dung"]
[Result "1-0"]
[WhiteElo "2209"]
[BlackElo "2233"]
[PlyCount "73"]
[EventDate "2025.03.04"]
[EventType "swiss (blitz)"]
[EventRounds "11"]
[EventCountry "USA"]
[SourceTitle "CB11_2025"]
[SourceDate "2025.03.12"]
[SourceVersion "1"]
[SourceVersionDate "2025.03.12"]
[SourceQuality "1"]

1. d4 Nf6 2. Nf3 e6 3. e3 b6 4. Bd3 Bb7 5. 0-0 d6 6. c4 Nbd7 7. Nc3 Be7 8. b3 0-0 9. Bb2 Re8 10. e4 e5 11. d5 a5 12. a3 Nh5 13. Re1 g6 14. b4 Rf8 15. Nd2 f5 16. exf5 Nf4 17. Bf1 Rxf5 18. g3 Qf8 19. gxf4 Rxf4 20. Nde4 Bh4 21. Re2 Nf6 22. Nxf6+ Qxf6 23. Ne4 Qf5 24. Bg2 Rf8 25. Qd2 Bc8 26. bxa5 bxa5 27. Rf1 Qh5 28. Ng3 Qg5 29. c5 Bg4 30. Ne4 Qf5 31. f3 Bh3 32. Ng3 Bxg3 33. hxg3 Bxg2 34. Kxg2 Rxf3 35. Ref2 Rxf2+ 36. Rxf2 Qe4+ 37. Kh2 1-0

[Event "Titled Tuesday intern op 04th Mar Early"]
[Site "Chess.com INT"]
[Date "2025.03.04"]
[Round "4"]
[White "Lisjak, Zlatko"]
[Black "Nakhbayeva, Guliskhan"]
[Result "0-1"]
[WhiteElo "2209"]
[BlackElo "2326"]
[PlyCount "62"]
[EventDate "2025.03.04"]
[EventType "swiss (blitz)"]
[EventRounds "11"]
[EventCountry "USA"]
[SourceTitle "CB11_2025"]
[SourceDate "2025.03.12"]
[SourceVersion "1"]
[SourceVersionDate "2025.03.12"]
[SourceQuality "1"]

1. d4 d5 2. Nf3 Bf5 3. e3 e6 4. c4 c6 5. Nc3 Nf6 6. b3 Bb4 7. Bd2 Qa5 8. Na4 Ne4 9. a3 Bxd2+ 10. Nxd2 dxc4 11. b4 Qc7 12. Nxe4 Bxe4 13. Rc1 b5 14. Nc5 Bg6 15. h4 h6 16. h5 Bh7 17. Qg4 0-0 18. Rh3 Bf5 19. Qg3 Qxg3 20. Rxg3 a5 21. Be2 axb4 22. axb4 Na6 23. Nxa6 Rxa6 24. Bf3 Bd3 25. e4 Rd8 26. Kd2 Rxd4 27. Ke3 Rd8 28. e5 Ra3 29. Kf4 Bf5 30. Bxc6 Rd4+ 31. Be4 Rxe4# 0-1

[Event "Titled Tuesday intern op 04th Mar Early"]
[Site "Chess.com INT"]
[Date "2025.03.04"]
[Round "11"]
[White "Segato, Pedro Henrique Pedr"]
[Black "Lisjak, Zlatko"]
[Result "1-0"]
[WhiteElo "2030"]
[BlackElo "2209"]
[PlyCount "69"]
[EventDate "2025.03.04"]
[EventType "swiss (blitz)"]
[EventRounds "11"]
[EventCountry "USA"]
[SourceTitle "CB11_2025"]
[SourceDate "2025.03.12"]
[SourceVersion "1"]
[SourceVersionDate "2025.03.12"]
[SourceQuality "1"]

1. Nf3 Nf6 2. b3 g6 3. d4 Bg7 4. Bb2 0-0 5. e3 a5 6. Be2 a4 7. 0-0 d6 8. Nbd2 a3 9. Bc1 c5 10. c4 cxd4 11. Nxd4 e5 12. Nb5 d5 13. Bxa3 Re8 14. Bb2 Nc6 15. cxd5 Nxd5 16. Bc4 Be6 17. Ne4 f5 18. Nc5 Bf7 19. Nxb7 Qb8 20. N7d6 Nce7 21. Nxf7 Kxf7 22. Bxd5+ Nxd5 23. Qxd5+ Kf8 24. Ba3+ Qd6 25. Bxd6+ Re7 26. Qc5 Rc8 27. Bxe7+ Kf7 28. Qxc8 f4 29. exf4 exf4 30. Qd7 Kg8 31. Qe6+ Kh8 32. Rac1 Bf8 33. Rc8 Kg7 34. Bxf8+ Kh8 35. Bh6# 1-0

[Event "Titled Tuesday intern op 04th Mar Early"]
[Site "Chess.com INT"]
[Date "2025.03.04"]
[Round "6"]
[White "Wijerathna, Vinuka Dihain"]
[Black "Lisjak, Zlatko"]
[Result "1-0"]
[WhiteElo "2117"]
[BlackElo "2209"]
[PlyCount "151"]
[EventDate "2025.03.04"]
[EventType "swiss (blitz)"]
[EventRounds "11"]
[EventCountry "USA"]
[SourceTitle "CB11_2025"]
[SourceDate "2025.03.12"]
[SourceVersion "1"]
[SourceVersionDate "2025.03.12"]
[SourceQuality "1"]

1. e4 d5 2. exd5 c6 3. d4 cxd5 4. Bd3 Nc6 5. c3 g6 6. Bf4 f6 7. Nf3 Bg7 8. Qe2 Nh6 9. h3 Nf7 10. Bh2 0-0 11. Nbd2 e5 12. dxe5 fxe5 13. 0-0-0 Qa5 14. Bb1 e4 15. Nxe4 dxe4 16. Qxe4 Bf5 17. Qd5 Bxb1 18. Qxa5 Nxa5 19. Kxb1 Rad8 20. Rxd8 Rxd8 21. Bc7 Rd5 22. Bxa5 Rxa5 23. Rd1 Kf8 24. Rd7 Rb5 25. Kc2 Ke8 26. Rc7 Rb6 27. a4 a5 28. Nd2 Nd6 29. Rxg7 Nf7 30. Rxh7 g5 31. h4 Kf8 32. hxg5 Kg8 33. Rh4 Re6 34. Re4 Rg6 35. f4 Nd6 36. Re5 Rg7 37. Ne4 Nc4 38. Nf6+ Kf7 39. Re4 Nd6 40. Re1 Kg6 41. g4 Rc7 42. Ne8 Nxe8 43. Rxe8 Rf7 44. Re4 Rc7 45. b3 Rc6 46. Re5 b6 47. Kd3 Rd6+ 48. Kc4 Rc6+ 49. Kd4 Rd6+ 50. Rd5 Rc6 51. b4 axb4 52. cxb4 Rc1 53. a5 bxa5 54. bxa5 Ra1 55. Ke5 Ra4 56. f5+ Kxg5 57. Ke6 Re4+ 58. Kf7 Rxg4 59. f6+ Kh6 60. Kf8 Ra4 61. f7 Kg6 62. Kg8 Rf4 63. f8Q Rxf8+ 64. Kxf8 Kf6 65. a6 Ke6 66. Rb5 Kd6 67. a7 Kc6 68. Rb1 Kc5 69. a8Q Kc4 70. Qc8+ Kd5 71. Rd1+ Ke5 72. Qe8+ Kf6 73. Rf1+ Kg5 74. Qe2 Kh4 75. Qg2 Kh5 76. Rh1# 1-0

[Event "Titled Tuesday intern op 25th Feb Early"]
[Site "Chess.com INT"]
[Date "2025.02.25"]
[Round "3"]
[White "Lisjak, Zlatko"]
[Black "Qin, Kevin"]
[Result "1-0"]
[WhiteElo "2209"]
[BlackElo "2017"]
[PlyCount "49"]
[EventDate "2025.02.25"]
[EventType "swiss (blitz)"]
[EventRounds "11"]
[EventCountry "USA"]
[SourceTitle "CB10_2025"]
[SourceDate "2025.03.05"]
[SourceVersion "1"]
[SourceVersionDate "2025.03.05"]
[SourceQuality "1"]

1. d4 a6 2. Nf3 d5 3. e3 e6 4. Bd3 Nf6 5. 0-0 Bd6 6. b3 0-0 7. c4 c5 8. Bb2 Nc6 9. Nbd2 Rb8 10. Ne5 Nb4 11. Bb1 Bd7 12. a3 Nc6 13. f4 Qb6 14. Kh1 cxd4 15. exd4 Nxd4 16. Nxd7 Nxd7 17. b4 Nf5 18. cxd5 Ne3 19. Bxh7+ Kxh7 20. Qh5+ Kg8 21. Bxg7 Kxg7 22. Qg5+ Kh7 23. Rf3 Nf5 24. Rh3+ Nh4 25. Rxh4# 1-0

[Event "Titled Tuesday intern op 11th Feb Early"]
[Site "Chess.com INT"]
[Date "2025.02.11"]
[Round "4"]
[White "Lisjak, Zlatko"]
[Black "Agdestein, Simen"]
[Result "0-1"]
[WhiteElo "2209"]
[BlackElo "2573"]
[PlyCount "46"]
[EventDate "2025.02.11"]
[EventType "swiss (blitz)"]
[EventRounds "11"]
[EventCountry "USA"]
[SourceTitle "CB08_2025"]
[SourceDate "2025.02.19"]
[SourceVersion "1"]
[SourceVersionDate "2025.02.19"]
[SourceQuality "1"]

1. d4 Nf6 2. Nf3 e6 3. e3 c5 4. Bd3 b6 5. 0-0 Bb7 6. c4 Be7 7. Nc3 cxd4 8. exd4 d5 9. cxd5 Nxd5 10. Ne5 0-0 11. Qf3 Bf6 12. Qh3 g6 13. Rd1 Nd7 14. Bh6 Bg7 15. Bxg7 Kxg7 16. Qg3 N7f6 17. Rac1 Rc8 18. a3 Qe7 19. Re1 Nxc3 20. bxc3 Qxa3 21. h4 Rxc3 22. Rxc3 Qxc3 23. Qf4 Qxe1+ 0-1

[Event "Titled Tuesday intern op 11th Feb Early"]
[Site "Chess.com INT"]
[Date "2025.02.11"]
[Round "6"]
[White "Lisjak, Zlatko"]
[Black "Novak, Ratko"]
[Result "1-0"]
[WhiteElo "2209"]
[BlackElo "2038"]
[PlyCount "101"]
[EventDate "2025.02.11"]
[EventType "swiss (blitz)"]
[EventRounds "11"]
[EventCountry "USA"]
[SourceTitle "CB08_2025"]
[SourceDate "2025.02.19"]
[SourceVersion "1"]
[SourceVersionDate "2025.02.19"]
[SourceQuality "1"]

1. c4 c6 2. d4 d5 3. Nc3 dxc4 4. e4 e5 5. Nf3 exd4 6. Nxd4 b5 7. Be2 a6 8. 0-0 c5 9. Nf5 Qxd1 10. Rxd1 Bxf5 11. exf5 Nc6 12. a4 b4 13. Nd5 0-0-0 14. Bxc4 Kb7 15. Be3 Nge7 16. Bxc5 Nxd5 17. Bxf8 Rhxf8 18. Bxd5 Kb6 19. Rac1 Ne7 20. Be4 f6 21. f3 g6 22. fxg6 hxg6 23. Kf2 f5 24. Bc2 Nd5 25. g3 g5 26. Bb3 Nf6 27. Rxd8 Rxd8 28. Rd1 Rxd1 29. Bxd1 Kc5 30. Bc2 f4 31. g4 Kd4 32. h4 gxh4 33. g5 Ne8 34. Bb3 Ng7 35. Kg2 Ke3 36. Bd5 Kd4 37. Bf7 Ke5 38. Kh3 Kf5 39. Kxh4 a5 40. Bc4 Ne8 41. Bd3+ Ke6 42. Kg4 Nd6 43. Kxf4 Nb7 44. Bc4+ Ke7 45. g6 Kf6 46. Bf7 Nc5 47. b3 Nd3+ 48. Ke3 Ne5 49. Kd4 Nxf3+ 50. Kc5 Ne5 51. Kb5 1-0

[Event "Titled Tuesday intern op 11th Feb Early"]
[Site "Chess.com INT"]
[Date "2025.02.11"]
[Round "8"]
[White "Paikens, Reinis"]
[Black "Lisjak, Zlatko"]
[Result "1-0"]
[WhiteElo "2202"]
[BlackElo "2209"]
[PlyCount "67"]
[EventDate "2025.02.11"]
[EventType "swiss (blitz)"]
[EventRounds "11"]
[EventCountry "USA"]
[SourceTitle "CB08_2025"]
[SourceDate "2025.02.19"]
[SourceVersion "1"]
[SourceVersionDate "2025.02.19"]
[SourceQuality "1"]

1. c4 d6 2. g3 e5 3. Bg2 f5 4. Nc3 Nf6 5. e3 Be7 6. d4 Nbd7 7. Nge2 c6 8. 0-0 0-0 9. b3 Qe8 10. Bb2 Qh5 11. Na4 g5 12. c5 e4 13. cxd6 Bxd6 14. Nac3 Nb6 15. d5 Nbxd5 16. Nxd5 cxd5 17. Bxf6 Rxf6 18. Qxd5+ Kh8 19. Nd4 Bd7 20. Qxb7 Qf7 21. Qxa8+ Kg7 22. Rfd1 h5 23. Qxa7 h4 24. Ne2 f4 25. exf4 gxf4 26. Rxd6 Rxd6 27. Nxf4 Qf6 28. Re1 Rd2 29. Bh3 Qe7 30. Bxd7 Rxd7 31. Qa5 e3 32. Rxe3 Rd1+ 33. Kg2 Qb7+ 34. Rf3 1-0

[Event "Titled Tuesday intern op 28th Jan Early"]
[Site "Chess.com INT"]
[Date "2025.01.28"]
[Round "7"]
[White "Kejna, Piotr"]
[Black "Lisjak, Zlatko"]
[Result "1-0"]
[WhiteElo "2254"]
[BlackElo "2209"]
[PlyCount "43"]
[EventDate "2025.01.28"]
[EventType "swiss (blitz)"]
[EventRounds "11"]
[EventCountry "USA"]
[SourceTitle "CB06_2025"]
[SourceDate "2025.02.05"]
[SourceVersion "1"]
[SourceVersionDate "2025.02.05"]
[SourceQuality "1"]

1. e4 d5 2. exd5 c6 3. dxc6 Nxc6 4. Nc3 e5 5. g3 Nf6 6. Bg2 h5 7. h3 Bc5 8. d3 Be6 9. Be3 Nd4 10. Ne4 Nxe4 11. Bxe4 f5 12. Bg2 f4 13. gxf4 exf4 14. Bxf4 0-0 15. Be3 Nxc2+ 16. Qxc2 Bxe3 17. Nf3 Rc8 18. Qe2 Bxf2+ 19. Kxf2 Bd5 20. Rhe1 Qh4+ 21. Kg1 Qg3 22. Qe5 1-0

[Event "Titled Tuesday intern op 28th Jan Early"]
[Site "Chess.com INT"]
[Date "2025.01.28"]
[Round "5"]
[White "Lisjak, Zlatko"]
[Black "Ocampos, Ian Guido"]
[Result "1-0"]
[WhiteElo "2209"]
[BlackElo "2251"]
[PlyCount "73"]
[EventDate "2025.01.28"]
[EventType "swiss (blitz)"]
[EventRounds "11"]
[EventCountry "USA"]
[SourceTitle "CB06_2025"]
[SourceDate "2025.02.05"]
[SourceVersion "1"]
[SourceVersionDate "2025.02.05"]
[SourceQuality "1"]

1. d4 Nf6 2. Nf3 g6 3. Bg5 Bg7 4. Nbd2 d5 5. e3 c5 6. c3 0-0 7. Be2 h6 8. Bh4 g5 9. Bg3 a5 10. a4 cxd4 11. exd4 Bf5 12. h4 g4 13. Ne5 h5 14. 0-0 Nc6 15. Bd3 Bxd3 16. Nxd3 Ne4 17. Nxe4 dxe4 18. Nf4 f5 19. Nxh5 Bh6 20. Bf4 Bxf4 21. Nxf4 Qd6 22. Qb3+ Kh7 23. Ne6 Rh8 24. Ng5+ Kg6 25. Qf7+ Kh6 26. Qxf5 Raf8 27. Nf7+ Rxf7 28. Qxf7 g3 29. fxg3 Qxg3 30. Qf4+ Qxf4 31. Rxf4 e5 32. Rxe4 exd4 33. cxd4 Rd8 34. Kf2 Kh5 35. Rd1 Rd5 36. Kf3 Nb4 37. Re5+ 1-0

[Event "Titled Tuesday intern op 28th Jan Early"]
[Site "Chess.com INT"]
[Date "2025.01.28"]
[Round "8"]
[White "Lisjak, Zlatko"]
[Black "Pribelszky, Bence Daniel"]
[Result "1-0"]
[WhiteElo "2209"]
[BlackElo "2391"]
[PlyCount "75"]
[EventDate "2025.01.28"]
[EventType "swiss (blitz)"]
[EventRounds "11"]
[EventCountry "USA"]
[SourceTitle "CB06_2025"]
[SourceDate "2025.02.05"]
[SourceVersion "1"]
[SourceVersionDate "2025.02.05"]
[SourceQuality "1"]

1. d4 Nf6 2. Nf3 g6 3. Bg5 Bg7 4. Nbd2 0-0 5. e3 d5 6. Be2 c6 7. h3 Nbd7 8. a4 h6 9. Bh4 a5 10. 0-0 Re8 11. Ne5 Nxe5 12. dxe5 Ne4 13. Nxe4 dxe4 14. Qxd8 Rxd8 15. Bxe7 Rd2 16. Bc4 Rxc2 17. b3 Bxe5 18. Rad1 Bf5 19. g4 Bc8 20. Rd8+ Kg7 21. Rf8 Rxc4 22. bxc4 Bf6 23. Re8 b5 24. Bf8+ Kh7 25. cxb5 cxb5 26. Rc1 bxa4 27. Rcxc8 Ra7 28. Ba3 Rd7 29. Rxe4 Rd1+ 30. Kg2 Ra1 31. Rxa4 Bb2 32. Rxa5 Bxa3 33. Rca8 Ra2 34. Rxa3 Rb2 35. R3a7 Kg7 36. Rd8 Rb6 37. Rdd7 Rf6 38. f4 1-0